[Event "17th Liberec Open 2017"]
[Site "masterchessopen.com Liberec CZE"]
[Date "2017.03.01"]
[Round "6"]
[White "Ahlborg,John"]
[Black "Pychova,Nela"]
[Result "1-0"]
[WhiteElo "2243"]
[BlackElo "2009"]

1.d4 d5 2.c4 dxc4 3.Nf3 Nf6 4.e3 e6 5.Bxc4 c5 6.O-O a6 7.a4 Be7 8.Qe2 O-O
9.Rd1 cxd4 10.exd4 Nc6 11.Nc3 Nb4 12.Bg5 h6 13.Bh4 Nbd5 14.Ne5 Nxc3 15.bxc3
Nd5 16.Bxe7 Nxe7 17.Rd3 Qa5 18.Rh3 b5 19.Bd3 f5 20.Bc2 Ra7 21.Qd2 Rc7 22.Bb3
Kh7 23.Qb2 Rb7 24.axb5 Qxb5 25.c4 Qb4 26.Rg3 g6 27.Qc1 Qd6 28.Rh3 f4 29.Qd1
Qc7 30.Bc2 Rb2 31.Qh5 Ng8 32.Qxg6+ Kh8 33.Bd3 a5 34.Qg4 Rf6 35.Ng6+ Kg7
36.Ne7+ {#r} 1-0

[Event "17th Liberec Open 2017"]
[Site "masterchessopen.com Liberec CZE"]
[Date "2017.03.01"]
[Round "6"]
[White "Baum,Jonasz"]
[Black "Steiner,B"]
[Result "1-0"]
[WhiteElo "2076"]
[BlackElo "2154"]

1.e4 e5 2.Nf3 Nc6 3.Bc4 Nf6 4.d3 Bc5 5.c3 a6 6.Nbd2 O-O 7.Bb3 d6 8.h3 Ba7
9.Qe2 Ne7 10.Nf1 Ng6 11.g4 Nd7 12.Bg5 Qe8 13.d4 exd4 14.cxd4 c5 15.Ng3 cxd4
16.O-O Nc5 17.Nxd4 h6 18.Bd2 Qe5 19.Nf3 Qxb2 20.Rab1 Qf6 21.g5 hxg5 22.Bxg5
Qc3 23.Nf5 Nd3 24.N3h4 Bxf5 25.Nxf5 Nde5 26.Kg2 b5 27.Qh5 Rad8 28.Rbc1 Qd3
29.Bd5 Rd7 30.Rcd1 Qa3 31.f4 Rc8 32.fxe5 Rc2+ 33.Rd2 Rxd2+ 34.Bxd2 Nxe5 35.Qg5
g6 36.Qh6 gxf5 37.Rxf5 Qd3 38.Rg5+ Ng6 {#r} 1-0

[Event "17th Liberec Open 2017"]
[Site "masterchessopen.com Liberec CZE"]
[Date "2017.03.01"]
[Round "6"]
[White "Cakl,Z"]
[Black "Goluch,P"]
[Result "0-1"]
[WhiteElo "2080"]
[BlackElo "2291"]

1.Nf3 Nf6 2.b3 d6 3.d4 Bg4 4.e3 Nbd7 5.Be2 e5 6.Bb2 e4 7.Nfd2 h5 8.c4 c6 9.Nc3
d5 10.f3 exf3 11.Bxf3 Bb4 12.O-O O-O 13.h3 Bxf3 14.Qxf3 Re8 15.Rae1 Qe7 16.a3
Bxc3 17.Bxc3 Qxa3 18.c5 Qa2 19.Qf5 g6 20.Qd3 Qa6 21.Qc2 b6 22.e4 Re6 23.exd5
Rxe1 24.Rxe1 Nxd5 25.Nc4 Qc8 26.Nd6 Qf8 27.Bd2 Qg7 28.cxb6 Qxd4+ 29.Kh1 N7xb6
30.Rf1 Ne3 31.Bxe3 Qxd6 32.Bh6 Nd5 33.Qf2 f6 34.Qd4 Qe7 {#R} 0-1

[Event "17th Liberec Open 2017"]
[Site "masterchessopen.com Liberec CZE"]
[Date "2017.03.01"]
[Round "6"]
[White "Chudinovskikh,A"]
[Black "Saglam,K"]
[Result "1-0"]
[WhiteElo "2221"]
[BlackElo "2111"]

1.Nf3 Nf6 2.d4 e6 3.Bg5 c5 4.e3 Be7 5.Nbd2 b6 6.Bd3 O-O 7.O-O Ba6 8.c4 Nc6
9.Rc1 cxd4 10.exd4 d5 11.Re1 Nb4 12.Bb1 dxc4 13.Nxc4 Bb7 14.Nfe5 Rc8 15.Rc3 h6
16.Bxh6 gxh6 17.Rg3+ Kh8 18.Qd2 Ng8 19.Rxg8+ Kxg8 20.Qxh6 {#r} 1-0

[Event "17th Liberec Open 2017"]
[Site "masterchessopen.com Liberec CZE"]
[Date "2017.03.01"]
[Round "6"]
[White "Burnett,A"]
[Black "Owezdurdiyeva,J"]
[Result "1-0"]
[WhiteElo "2162"]
[BlackElo "2080"]

1.d4 Nf6 2.c4 g6 3.Nc3 Bg7 4.e4 d6 5.Be2 O-O 6.Be3 Nbd7 7.h4 e5 8.d5 Nc5 9.Qc2
a5 10.h5 c6 11.Bxc5 dxc5 12.Rd1 cxd5 13.cxd5 Nxh5 14.Bxh5 gxh5 15.Qe2 Ra6
16.Rxh5 Rg6 17.f3 c4 18.g4 b5 19.Qe3 b4 20.Nce2 Qb6 21.Qxb6 Rxb6 22.Rc1 Ba6
23.Ng3 Bh6 24.g5 Bg7 25.Nf5 f6 26.Nh3 Bc8 27.gxf6 Rbxf6 28.Rxc4 Bxf5 29.exf5
Rxf5 30.Rxf5 Rxf5 31.Ke2 Bf8 32.Rc8 Kf7 33.Rc7+ Kg6 34.Nf2 Rf7 35.d6 Kg7 36.d7
Be7 37.Rc8 Rf8 38.Ng4 Bd8 39.Nxe5 Rf5 40.Nc6 Bh4 41.d8=Q Bxd8 42.Rxd8 Rc5
43.Nd4 Rc1 44.f4 Ra1 45.Kf3 Rxa2 46.b3 a4 47.bxa4 Rxa4 48.Kg4 h5+ 49.Kg5 Ra6
50.Rd7+ Kf8 51.Rb7 {#r} 1-0

[Event "17th Liberec Open 2017"]
[Site "masterchessopen.com Liberec CZE"]
[Date "2017.03.01"]
[Round "6"]
[White "Liska,Ji2"]
[Black "Janous,Petr"]
[Result "1-0"]
[WhiteElo "2197"]
[BlackElo "1962"]

1.Nf3 d5 2.d4 Nf6 3.c4 c6 4.Nc3 dxc4 5.a4 Bf5 6.e3 e6 7.Bxc4 Bb4 8.O-O Nbd7
9.Qe2 Bg6 10.e4 Bxc3 11.bxc3 Nxe4 12.Ba3 Qc7 13.Rfc1 O-O-O 14.a5 Kb8 15.Be7
Rde8 16.Bh4 Ka8 17.Bd3 Nef6 18.Bg3 Qd8 19.Nd2 e5 20.Bxg6 exd4 21.Qd3 hxg6
22.Nc4 Nd5 23.Qxd4 Qf6 24.Nb6+ N5xb6 25.axb6 a6 26.Qc4 {#r} 1-0

[Event "17th Liberec Open 2017"]
[Site "masterchessopen.com Liberec CZE"]
[Date "2017.03.01"]
[Round "6"]
[White "Peniska,P"]
[Black "Vitak,Jiri"]
[Result "0-1"]
[WhiteElo "1939"]
[BlackElo "2069"]

1.e4 c5 2.Nc3 Nc6 3.g3 g6 4.Bg2 Bg7 5.Nf3 d6 6.O-O e6 7.d3 Nge7 8.Be3 O-O
9.Rb1 a6 10.Ne2 b5 11.d4 cxd4 12.Nexd4 Bb7 13.Nxc6 Nxc6 14.Nd4 Ne5 15.c3 Nc4
16.Bc1 d5 17.exd5 Bxd5 18.Nc2 Bxg2 19.Kxg2 Qc7 20.Qe2 Rfd8 21.Ne3 Ne5 22.f4
Qc6+ 23.Kg1 Qe4 24.fxe5 Qxb1 25.Qf3 Rf8 26.b3 Qd3 27.Ba3 Qxc3 28.Bxf8 Rxf8
29.Ng4 Bxe5 30.Nh6+ Kg7 31.Nxf7 Qxf3 {#R} 0-1

[Event "17th Liberec Open 2017"]
[Site "masterchessopen.com Liberec CZE"]
[Date "2017.03.01"]
[Round "6"]
[White "Yalkanova,Merjen"]
[Black "Racnik,Tone"]
[Result "1-0"]
[WhiteElo "1898"]
[BlackElo "2058"]

1.d4 f5 2.Nd2 Nf6 3.e3 e6 4.Bd3 Nc6 5.a3 Be7 6.b3 b6 7.Bb2 O-O 8.Ngf3 Bb7 9.b4
Qe8 10.O-O Nd8 11.Re1 d5 12.Rc1 a5 13.b5 c6 14.c4 dxc4 15.bxc6 cxd3 16.cxb7
Nxb7 17.Qb3 Nd5 18.e4 Nf4 19.Kf1 Nd8 20.exf5 Rxf5 21.g3 a4 22.Qa2 Ne2 23.Rb1
Rc8 24.Ne5 Nxg3+ 25.hxg3 Rc2 26.g4 Rf4 27.Nxd3 Qb5 28.Nc4 Rf3 29.Rec1 Rxc1+
30.Bxc1 Qd5 31.Nf4 Qc6 32.Ne5 {#r} 1-0

[Event "17th Liberec Open 2017"]
[Site "masterchessopen.com Liberec CZE"]
[Date "2017.03.01"]
[Round "6"]
[White "Kucera,Ja"]
[Black "Kunc,Jan"]
[Result "0-1"]
[WhiteElo "1999"]
[BlackElo "1847"]

1.e4 c5 2.d4 cxd4 3.c3 dxc3 4.Nxc3 Nc6 5.Nf3 d6 6.Bc4 a6 7.Bg5 Nf6 8.Bxf6 gxf6
9.Nh4 e6 10.O-O Be7 11.Qh5 Qa5 12.Nf5 Ne5 13.Ng7+ Kf8 14.Qh6 Nxc4 15.Nxe6+ Ke8
16.b4 Qe5 17.Nc7+ Kd8 18.N3d5 Rb8 19.f4 Qd4+ 20.Kh1 Ne3 21.Rfe1 Ng4 22.Qh4
Nf2+ 23.Kg1 Nd3+ 24.Kh1 Nxe1 25.Rxe1 Be6 26.Qh5 Qf2 27.Rc1 Rg8 28.g3 Bg4 {#R}
0-1

[Event "17th Liberec Open 2017"]
[Site "masterchessopen.com Liberec CZE"]
[Date "2017.03.01"]
[Round "6"]
[White "Mekanova,Annagozel"]
[Black "Vavrinec,T"]
[Result "0-1"]
[WhiteElo "1724"]
[BlackElo "1965"]

1.e4 e6 2.d4 d5 3.e5 c5 4.c3 Qb6 5.Ne2 Nc6 6.a3 a5 7.b3 Bd7 8.Bb2 Nh6 9.Nd2
cxd4 10.cxd4 Nf5 11.Nf3 Be7 12.g4 Nh4 13.Qd3 Na7 14.Nxh4 Bxh4 15.Qh3 Be7
16.Nf4 Nb5 17.Bxb5 Bxb5 18.Nh5 Bf8 19.O-O-O a4 20.b4 Be2 21.Rd2 Bc4 22.Rc2
O-O-O 23.Kb1 Kb8 24.Rhc1 Qb5 25.Rc3 Rg8 26.f4 Be7 27.Qe3 h6 28.g5 hxg5 29.fxg5
Rh8 30.Rxc4 dxc4 31.Qe2 Rc8 32.Nxg7 Bxg5 33.Rg1 Bf4 34.Nh5 Rxh5 35.Qxh5 c3
36.Qxf7 Qd3+ 37.Ka2 Qc2 {#R} 0-1

[Event "17th Liberec Open 2017"]
[Site "masterchessopen.com Liberec CZE"]
[Date "2017.03.01"]
[Round "6"]
[White "Hart,Alexander"]
[Black "Korosciel,A"]
[Result "0-1"]
[WhiteElo "1814"]
[BlackElo "2005"]

1.d4 Nf6 2.c4 e6 3.Nf3 b6 4.g3 Ba6 5.b3 Bb4+ 6.Bd2 Be7 7.Nc3 d5 8.Bg2 c6 9.O-O
O-O 10.Ne5 Nfd7 11.cxd5 Nxe5 12.dxe5 cxd5 13.Rc1 Nd7 14.f4 Rc8 15.Re1 b5 16.e4
d4 17.Ne2 Nc5 18.h3 Bb7 19.Bb4 d3 20.Rxc5 Bxc5+ 21.Bxc5 Rxc5 {#R} 0-1

[Event "17th Liberec Open 2017"]
[Site "masterchessopen.com Liberec CZE"]
[Date "2017.03.01"]
[Round "6"]
[White "Feldvabl,Vilem"]
[Black "Kalveus,Jan"]
[Result "0-1"]
[WhiteElo "1691"]
[BlackElo "1844"]

1.d4 Nf6 2.Nf3 e6 3.Bg5 h6 4.Bh4 d5 5.e3 c5 6.Bb5+ Bd7 7.Bxd7+ Nbxd7 8.O-O Qb6
9.b3 Rc8 10.Nbd2 Be7 11.Rc1 c4 12.bxc4 dxc4 13.c3 Qa5 14.Rc2 O-O 15.Qa1 b5
16.Bxf6 Nxf6 17.Ne5 Bd6 18.f4 Qc7 19.a4 a6 20.axb5 axb5 21.Qb2 Nd5 22.Kf2 Rb8
23.Ne4 Rfc8 24.Nxd6 Qxd6 25.Qc1 f6 26.Nf3 b4 {#R} 0-1

[Event "17th Liberec Open 2017"]
[Site "masterchessopen.com Liberec CZE"]
[Date "2017.03.02"]
[Round "7"]
[White "Sabuk,P"]
[Black "Buchcar,T"]
[Result "1-0"]
[WhiteElo "2365"]
[BlackElo "2153"]

1.d4 Nf6 2.c4 e6 3.g3 c5 4.Nf3 cxd4 5.Nxd4 Be7 6.Bg2 O-O 7.O-O a6 8.Nc3 Qc7
9.Qd3 d6 10.b3 Nc6 11.Nc2 Ne5 12.Qd2 Rb8 13.a4 b6 14.Bb2 Bb7 15.e4 Rbc8
16.Rac1 Ned7 17.Ne3 Qb8 18.g4 Rfd8 19.g5 Ne8 20.f4 Bf8 21.Qf2 Qa7 22.Rcd1 Bc6
23.Ng4 f5 24.exf5 Bxg2 25.Kxg2 exf5 26.Ne3 Nc5 27.b4 Ne6 28.Ncd5 b5 29.cxb5
axb5 30.axb5 Qb7 31.b6 Rc6 32.Qf3 Rdc8 33.Rc1 Qa8 34.Rxc6 Qxc6 35.b7 Nxf4+
36.Kh1 {#r} 1-0

[Event "17th Liberec Open 2017"]
[Site "masterchessopen.com Liberec CZE"]
[Date "2017.03.02"]
[Round "7"]
[White "Ivanov,MM"]
[Black "Baum,Jonasz"]
[Result "1-0"]
[WhiteElo "2414"]
[BlackElo "2076"]

1.Nf3 d5 2.g3 Nf6 3.Bg2 e6 4.O-O Nbd7 5.d4 Bd6 6.c4 O-O 7.Qc2 b6 8.Rd1 Bb7
9.cxd5 exd5 10.Nc3 c6 11.Nh4 Rc8 12.Nf5 Bb8 13.Bg5 Qe8 14.e4 dxe4 15.Nxe4 Nxe4
16.Ne7+ Kh8 17.Qxe4 Rc7 18.Re1 f6 19.Bf4 Ne5 20.Nf5 c5 21.Qb1 cxd4 22.Nd6 Qd7
23.Nxb7 Rxb7 24.Bxe5 fxe5 25.Bxb7 Qxb7 26.Qe4 Qf7 27.f3 Bd6 28.Kg2 Qc4 29.Rec1
Qb5 30.Rc2 Bb4 31.Rd1 h6 32.a3 Be7 33.f4 exf4 34.Qxe7 Re8 35.Qb7 Re2+ 36.Kg1
Rxc2 37.Qa8+ Kh7 38.Qe4+ g6 39.Qxc2 {#r} 1-0

[Event "17th Liberec Open 2017"]
[Site "masterchessopen.com Liberec CZE"]
[Date "2017.03.02"]
[Round "7"]
[White "Sernecki,Franciszek"]
[Black "Pisk,P"]
[Result "0-1"]
[WhiteElo "2151"]
[BlackElo "2355"]

1.d4 Nf6 2.Nf3 b5 3.e3 a6 4.c4 bxc4 5.Bxc4 e6 6.O-O Bb7 7.b3 c5 8.Bb2 cxd4
9.exd4 Be7 10.Nbd2 O-O 11.Qe2 a5 12.Rac1 a4 13.Rfe1 axb3 14.Bxb3 Bd5 15.Nc4
Nc6 16.Ne3 Bxf3 17.Qxf3 Nb4 18.Rcd1 d5 19.a4 Rb8 20.Ba1 Rc8 21.Qe2 Bd6 22.Rb1
Ne4 23.Rec1 Qg5 24.Bd1 g6 25.g3 h5 26.h4 Qf6 27.Kg2 Rxc1 28.Rxc1 Nxf2 29.Bb3
Ne4 30.Rf1 Nxg3 31.Rxf6 Nxe2 32.Rf3 Rc8 33.Kf1 Ng3+ 34.Kg2 Ne4 35.Nf1 Nc2
36.Bxc2 Rxc2+ 37.Kg1 Ra2 38.Bc3 Ra3 39.a5 Rxc3 40.Rxc3 Nxc3 41.a6 Bb8 {#R} 0-1

[Event "17th Liberec Open 2017"]
[Site "masterchessopen.com Liberec CZE"]
[Date "2017.03.02"]
[Round "7"]
[White "Goluch,P"]
[Black "Burnett,A"]
[Result "1-0"]
[WhiteElo "2291"]
[BlackElo "2162"]

1.e4 c5 2.c3 d5 3.exd5 Qxd5 4.d4 Nc6 5.Nf3 Bf5 6.dxc5 Qxd1+ 7.Kxd1 Nf6 8.Be3
Rd8+ 9.Kc1 Nd5 10.Bb5 Nxe3 11.fxe3 g6 12.Nbd2 Bh6 13.Re1 O-O 14.Nd4 Ne5
15.Nxf5 gxf5 16.Kc2 a6 17.Bf1 Rd7 18.b4 Rfd8 19.Nc4 Nxc4 20.Bxc4 Rd2+ 21.Kb3
Rxg2 22.Rad1 Rgd2 23.Rxd2 Rxd2 24.c6 bxc6 25.Bxa6 Kf8 26.Bb7 e5 27.a4 Ke7
28.Bxc6 Kd6 29.b5 Rd3 30.a5 Bxe3 31.Rxe3 {#r} 1-0

[Event "17th Liberec Open 2017"]
[Site "masterchessopen.com Liberec CZE"]
[Date "2017.03.02"]
[Round "7"]
[White "Nagy,Ga1"]
[Black "Carlsson,Ludvig"]
[Result "1-0"]
[WhiteElo "2449"]
[BlackElo "2093"]

1.e4 e5 2.Nf3 Nc6 3.Nc3 Nf6 4.Bb5 Bb4 5.O-O O-O 6.d3 d6 7.Bg5 Bxc3 8.bxc3 Qe7
9.Re1 Nd8 10.d4 c6 11.Bd3 Bg4 12.h3 Bh5 13.Bh4 Re8 14.g4 Bg6 15.Bg3 Qc7 16.c4
c5 17.d5 b5 18.g5 bxc4 19.gxf6 cxd3 20.cxd3 Qd7 21.Kh2 gxf6 22.Bh4 f5 23.Bf6
f4 24.Rg1 Rb8 25.Nh4 Rb2 26.Rg2 Kf8 27.Nf5 Ne6 28.Qg4 f3 29.Qxf3 Nf4 30.Qg4
Nxd5 31.Qg5 Nxf6 32.Qh6+ Kg8 33.Qg7# 1-0

[Event "17th Liberec Open 2017"]
[Site "masterchessopen.com Liberec CZE"]
[Date "2017.03.02"]
[Round "7"]
[White "Pychova,Nela"]
[Black "Liska,Ji2"]
[Result "1-0"]
[WhiteElo "2009"]
[BlackElo "2197"]

1.d4 Nf6 2.c4 g6 3.Nf3 Bg7 4.g3 O-O 5.Bg2 c6 6.Nc3 d5 7.cxd5 cxd5 8.Ne5 Nc6
9.O-O Ng4 10.Nxd5 Nxd4 11.Qxd4 Bxe5 12.Qb4 Bd6 13.Qb5 e6 14.Nc3 f5 15.Rd1 Qe7
16.Nd5 exd5 17.Qxd5+ Rf7 18.Qxd6 Qxe2 19.Qd2 Qa6 20.Qd3 Qb6 21.Qd8+ Qxd8
22.Rxd8+ Rf8 23.Rxf8+ Kxf8 24.Bf4 Be6 25.Bxb7 Rd8 26.b3 Nf6 27.Rc1 Rd7 28.Bc8
Re7 29.Bd6 {#r} 1-0

[Event "17th Liberec Open 2017"]
[Site "masterchessopen.com Liberec CZE"]
[Date "2017.03.02"]
[Round "7"]
[White "Halak,M"]
[Black "Vaclavicek,L"]
[Result "1-0"]
[WhiteElo "2186"]
[BlackElo "2067"]

1.e4 c5 2.Nf3 d6 3.d4 cxd4 4.Qxd4 Nc6 5.Bb5 Bd7 6.Qd3 Nf6 7.c4 g6 8.Nc3 Bg7
9.O-O O-O 10.h3 Rc8 11.Be3 a6 12.Bxc6 Bxc6 13.Nd4 Re8 14.Rac1 e6 15.Rfd1 Qe7
16.b3 Red8 17.Nxc6 Rxc6 18.Bg5 h6 19.Bf4 Nh5 20.Bh2 Qg5 21.Ne2 Be5 22.Bxe5
Qxe5 23.Qe3 g5 24.c5 Nf6 25.f3 d5 26.Nd4 Rcc8 27.c6 b5 28.c7 Rd7 29.Nc6 Qf4
30.Qxf4 gxf4 31.e5 Nh5 32.Nb4 Rdxc7 33.Rxc7 Rxc7 34.Nxa6 Ra7 35.Nb4 Ng3 36.Kf2
Rc7 37.Rd4 Nh5 38.Ke1 f6 39.exf6 Kf7 40.Kd2 Kxf6 41.Rxd5 Ng3 42.Rxb5 Nf5
43.Rb6 Rg7 44.a4 Rxg2+ 45.Kd3 Rf2 46.Ke4 Rd2 47.Nd3 Re2+ 48.Kxf4 Rd2 49.Nc5
Rd4+ 50.Ne4+ Kf7 51.Rb7+ {#r} 1-0

[Event "17th Liberec Open 2017"]
[Site "masterchessopen.com Liberec CZE"]
[Date "2017.03.02"]
[Round "7"]
[White "Bradac,Daniel"]
[Black "Horbing,S"]
[Result "0-1"]
[WhiteElo "2002"]
[BlackElo "2121"]

1.e4 e5 2.Nf3 Nc6 3.Bb5 a6 4.Ba4 Nf6 5.O-O b5 6.Bb3 Bc5 7.Nxe5 Nxe5 8.d4 Bxd4
9.Qxd4 d6 10.c3 Bb7 11.Bg5 c5 12.Qe3 h6 13.Bxf6 Qxf6 14.f4 Nd7 15.e5 Qe7 16.e6
fxe6 17.Bxe6 Nf8 18.f5 Nxe6 19.fxe6 Rf8 20.Nd2 O-O-O 21.b4 Rde8 22.bxc5 Rxf1+
23.Rxf1 Qxe6 24.Qxe6+ Rxe6 25.Rf8+ Kd7 26.Rf7+ Re7 27.Rxe7+ Kxe7 28.cxd6+ Kxd6
29.Kf2 Bd5 30.a3 Kc5 31.g3 Kb6 32.Ke3 Ka5 33.Kd4 Bf7 34.Kc5 Ka4 35.Kb6 Kxa3
36.Kxa6 Bc4 37.Ka5 Bd3 38.g4 g5 39.h3 Be2 40.Kb6 Kb2 41.Ne4 Bd3 42.c4 bxc4
43.Nf2 Be2 {#R} 0-1

[Event "17th Liberec Open 2017"]
[Site "masterchessopen.com Liberec CZE"]
[Date "2017.03.02"]
[Round "7"]
[White "Owezdurdiyeva,J"]
[Black "Fuchs,Benno"]
[Result "1-0"]
[WhiteElo "2080"]
[BlackElo "1879"]

1.d4 Nf6 2.c4 g6 3.Nc3 Bg7 4.e4 d6 5.Nf3 O-O 6.Be2 e5 7.O-O Nc6 8.d5 Ne7 9.Ne1
Nd7 10.Be3 f5 11.f3 f4 12.Bf2 g5 13.b4 b6 14.Nd3 Nf6 15.c5 Ng6 16.Rc1 h5
17.cxd6 cxd6 18.Nb5 Rf7 19.a4 Bf8 20.Qc2 g4 21.Nc7 Rb8 22.Ne6 Bxe6 23.dxe6 Rg7
24.b5 gxf3 25.Bxf3 Ng4 26.Qe2 Nh4 27.Nb4 Nxf2 28.Qxf2 Qg5 29.Nd5 Re8 30.Qa2
Kh8 31.Rc3 Qh6 32.Bd1 Rxe6 33.Rh3 f3 34.Rxh4 Qg5 35.Rh3 Qg4 36.Rg3 Qh4
37.Rgxf3 Be7 38.Nxe7 Rexe7 39.Rf8+ Kh7 40.R8f5 Rg5 41.Rf7+ Rxf7 42.Qxf7+ Rg7
43.Qxh5+ {#r} 1-0

[Event "17th Liberec Open 2017"]
[Site "masterchessopen.com Liberec CZE"]
[Date "2017.03.02"]
[Round "7"]
[White "Duda,A"]
[Black "Steincamp,Isaac K"]
[Result "0-1"]
[WhiteElo "2079"]
[BlackElo "1882"]

1.e4 c5 2.Nf3 g6 3.d4 cxd4 4.Nxd4 Nc6 5.Nc3 Bg7 6.Be3 Nf6 7.Bc4 Qa5 8.O-O O-O
9.Bb3 d6 10.h3 Bd7 11.Re1 Rac8 12.Qe2 Qa6 13.Qxa6 bxa6 14.Nxc6 Bxc6 15.Bxa7
Nd7 16.Rad1 Ba8 17.Bd4 Ne5 18.Nd5 Bxd5 19.exd5 Rfe8 20.Re4 f5 21.Re2 Rc7 22.c3
Nc4 23.Bxg7 Kxg7 24.Rd4 Ne5 25.Rb4 Rec8 26.Rd4 Kf8 27.g4 Nf3+ 28.Kg2 Nxd4
29.cxd4 Kg7 30.g5 Rf8 31.Kg3 Rf7 32.f4 Rc1 33.Rf2 Rg1+ 34.Kh4 h5 35.gxh6+ Kxh6
36.Bc2 Rh7 {#R} 0-1

[Event "17th Liberec Open 2017"]
[Site "masterchessopen.com Liberec CZE"]
[Date "2017.03.02"]
[Round "7"]
[White "Geldyeva,M"]
[Black "Bayramsahedova,Tavus"]
[Result "1-0"]
[WhiteElo "2220"]
[BlackElo "1826"]

1.d4 d5 2.c4 c6 3.Nc3 Nf6 4.e3 e6 5.Nf3 Nbd7 6.Bd3 dxc4 7.Bxc4 b5 8.Bd3 Bb7
9.O-O Be7 10.a3 a6 11.Qe2 O-O 12.Rd1 Qc7 13.b4 a5 14.bxa5 Rxa5 15.Bb2 Rfa8
16.Qc2 Qb8 17.Ne4 Bxa3 18.Bc3 b4 19.Be1 c5 20.Nxf6+ Nxf6 21.Ne5 cxd4 22.exd4
Bd5 23.Bc4 Qc7 24.Qe2 Ne4 25.Bd3 Nc3 26.Bxc3 bxc3 27.Bc2 Bb2 28.Rxa5 Rxa5
29.Qh5 Ra1 30.Qxh7+ Kf8 31.Qh8+ Ke7 32.Qxg7 {#r} 1-0

[Event "17th Liberec Open 2017"]
[Site "masterchessopen.com Liberec CZE"]
[Date "2017.03.02"]
[Round "7"]
[White "Svec,L"]
[Black "Mlodzinska,I"]
[Result "0-1"]
[WhiteElo "1716"]
[BlackElo "1894"]

1.d4 d5 2.Nf3 Nf6 3.g3 g6 4.Bg2 Bg7 5.c4 c6 6.Nc3 dxc4 7.Ne5 Nd5 8.Nxc4 Nxc3
9.bxc3 O-O 10.Ne5 Qa5 11.Qb3 Bxe5 12.dxe5 Qxe5 13.Be3 Qc7 14.Rb1 e5 15.O-O b6
16.Rbd1 Be6 17.Qa3 Bc4 18.Rd2 Nd7 19.Rfd1 Nf6 20.Bh6 Rfd8 21.Bf3 Rxd2 22.Rxd2
Rd8 23.Rxd8+ Qxd8 24.e4 Nxe4 25.Bxe4 Qd1+ 26.Kg2 Bf1+ {#R} 0-1

[Event "17th Liberec Open 2017"]
[Site "masterchessopen.com Liberec CZE"]
[Date "2017.03.02"]
[Round "7"]
[White "Spreer,L"]
[Black "Vlkova,Anezka"]
[Result "0-1"]
[WhiteElo "1652"]
[BlackElo "1962"]

1.e4 c5 2.Nc3 d6 3.f4 Nc6 4.Nf3 g6 5.h4 Bg4 6.Bc4 Nf6 7.Bb5 Bg7 8.d3 O-O
9.Bxc6 bxc6 10.Be3 Qa5 11.Qd2 Rab8 12.O-O-O Qb4 13.b3 Qa3+ 14.Kb1 Nd7 15.d4
Nb6 16.Qe2 Qb4 17.Bd2 Bxf3 18.gxf3 Qxd4 19.Be1 Qf6 20.h5 Na4 21.e5 Nxc3+
22.Bxc3 Qxf4 23.hxg6 fxg6 24.Rde1 Qxf3 25.Qh2 h6 26.Bd2 h5 27.Rhg1 Kh7 28.Qh4
Qf5 29.Qxe7 Rbe8 30.Qxa7 Rxe5 31.Ref1 Qxf1+ 32.Rxf1 Rxf1+ 33.Bc1 Ree1 34.Qa3
Rxc1+ 35.Qxc1 Rxc1+ 36.Kxc1 h4 37.a4 Bc3 38.Kb1 h3 39.Ka2 h2 40.b4 c4 41.b5
h1=Q {#R} 0-1

[Event "17th Liberec Open 2017"]
[Site "masterchessopen.com Liberec CZE"]
[Date "2017.03.03"]
[Round "8"]
[White "Grigoryan,K1"]
[Black "Kaderabek,J"]
[Result "1-0"]
[WhiteElo "2316"]
[BlackElo "2115"]

1.d4 Nf6 2.c4 c5 3.Nf3 e6 4.d5 exd5 5.cxd5 d6 6.Nc3 g6 7.e4 Bg7 8.Be2 O-O
9.Nd2 a6 10.a4 Nbd7 11.O-O Rb8 12.Qc2 Ne5 13.Ra3 g5 14.a5 b5 15.axb6 Rxb6
16.Nd1 Rb4 17.Bxa6 Bd7 18.Be2 Qe7 19.Ne3 Ng6 20.Ra7 Rfb8 21.Nf5 Qe5 22.Nxg7
Nf4 23.Nc4 Rxc4 24.Bxc4 Kxg7 25.b3 {#r} 1-0

[Event "17th Liberec Open 2017"]
[Site "masterchessopen.com Liberec CZE"]
[Date "2017.03.03"]
[Round "8"]
[White "Buchcar,T"]
[Black "Teglas,B"]
[Result "1-0"]
[WhiteElo "2153"]
[BlackElo "2253"]

1.e4 c5 2.f4 d5 3.e5 h5 4.Nf3 Bf5 5.Bb5+ Nc6 6.Bxc6+ bxc6 7.d3 e6 8.O-O Ne7
9.Nc3 Ng6 10.Na4 Be7 11.b3 Bg4 12.h3 Bxf3 13.Qxf3 Nh4 14.Qf2 Nf5 15.Nxc5 Bh4
16.Qd2 Qb6 17.d4 Be7 18.Ba3 h4 19.c3 Qb5 20.Rad1 Rg8 21.Qd3 Qxd3 22.Rxd3 a5
23.Rb1 g5 24.fxg5 Rxg5 25.Bc1 Rg6 26.Na4 Rb8 27.Bf4 Kd7 28.Rc1 Rgg8 29.Rc2
Rgc8 30.c4 Rb4 31.Bd2 dxc4 32.Rxc4 Rxc4 33.Nb6+ Ke8 34.Nxc4 Rd8 35.Bxa5 Rd7
36.Bb6 c5 37.a4 Nxd4 38.Kf2 Nc6 39.Rxd7 Kxd7 40.a5 Nb4 41.g3 Nd3+ 42.Kf3 hxg3
43.Kxg3 Nb4 44.h4 f5 45.h5 Bg5 46.Bxc5 Nd3 47.a6 Kc6 48.Nd6 Bf4+ 49.Kf3 {#r}
1-0

[Event "17th Liberec Open 2017"]
[Site "masterchessopen.com Liberec CZE"]
[Date "2017.03.03"]
[Round "8"]
[White "Burnett,A"]
[Black "Ambrozi,P"]
[Result "1-0"]
[WhiteElo "2162"]
[BlackElo "1997"]

1.d4 d5 2.c4 c6 3.Nf3 Nf6 4.Nc3 e6 5.g3 Be7 6.Bg2 O-O 7.O-O Nbd7 8.Qd3 b6 9.b3
Bb7 10.Bb2 c5 11.cxd5 Nxd5 12.Nxd5 Bxd5 13.e4 Bb7 14.d5 exd5 15.exd5 Nf6
16.Ng5 h6 17.Bxf6 hxg5 18.Bxe7 Qxe7 19.d6 Qd7 20.Bxb7 Qxb7 21.Rad1 Qd7 22.Qd5
Rfe8 23.Rfe1 Rxe1+ 24.Rxe1 Rf8 25.Re7 Qd8 26.Rxa7 Qf6 27.d7 Rd8 28.Ra8 Kh7
29.Qe4+ {#r} 1-0

[Event "17th Liberec Open 2017"]
[Site "masterchessopen.com Liberec CZE"]
[Date "2017.03.03"]
[Round "8"]
[White "Velieva,H"]
[Black "Sernecki,Franciszek"]
[Result "0-1"]
[WhiteElo "1973"]
[BlackElo "2151"]

1.e4 e6 2.d4 d5 3.exd5 exd5 4.Bd3 c5 5.Qe2+ Be7 6.dxc5 Nf6 7.Nf3 O-O 8.O-O
Bxc5 9.Bg5 h6 10.Bh4 Nc6 11.Nc3 Be6 12.Rad1 Re8 13.Qd2 d4 14.Ne4 Be7 15.Bxf6
Bxf6 16.Nxf6+ Qxf6 17.Be4 Rad8 18.Bxc6 bxc6 19.Qb4 Bg4 20.Rxd4 Bxf3 21.Rf4 Rb8
22.Qa4 Re4 23.Rxe4 Qg6 24.g3 Qxe4 25.Qxa7 Rxb2 26.Qa6 Bh5 27.f3 Bxf3 28.Qa8+
Kh7 29.Qa7 Rxc2 {#R} 0-1

[Event "17th Liberec Open 2017"]
[Site "masterchessopen.com Liberec CZE"]
[Date "2017.03.03"]
[Round "8"]
[White "Steincamp,Isaac K"]
[Black "Saglam,K"]
[Result "1-0"]
[WhiteElo "1882"]
[BlackElo "2111"]

1.d4 Nf6 2.Bf4 c5 3.d5 Qb6 4.Nc3 Qxb2 5.Bd2 Qb6 6.e4 d6 7.Rb1 Qd8 8.f4 a6 9.a4
g6 10.h3 Bg7 11.Bd3 e6 12.dxe6 fxe6 13.Nf3 Nc6 14.O-O O-O 15.f5 gxf5 16.exf5
e5 17.Bc4+ Kh8 18.Bg5 Nd4 19.Nh4 Qe8 20.Rb6 Nh5 21.Nd5 Bxf5 22.Nc7 Qxa4
23.Qxh5 Qxc4 24.Nxa8 e4 25.Ng6+ Bxg6 26.Rxf8+ Bxf8 27.Bf6+ Kg8 28.Qg5 Ne2+
29.Kh2 d5 30.Rxb7 Bd6+ 31.Be5 Bxe5+ 32.Qxe5 Qd4 33.Qb8+ {#r} 1-0

[Event "17th Liberec Open 2017"]
[Site "masterchessopen.com Liberec CZE"]
[Date "2017.03.03"]
[Round "8"]
[White "Fogel,P"]
[Black "Owezdurdiyeva,J"]
[Result "1-0"]
[WhiteElo "2103"]
[BlackElo "2080"]

1.d4 Nf6 2.Nf3 g6 3.c4 Bg7 4.g3 c6 5.Bg2 d5 6.Qb3 O-O 7.O-O dxc4 8.Qxc4 Be6
9.Qa4 Qd7 10.Nc3 Bh3 11.e4 Bxg2 12.Kxg2 c5 13.Qxd7 Nbxd7 14.d5 Ne8 15.Bg5 f6
16.Bf4 Nd6 17.Rfe1 Ne5 18.Rad1 Ndc4 19.Re2 Nxf3 20.Kxf3 g5 21.Bc1 h5 22.Kg2 g4
23.h3 f5 24.hxg4 fxg4 25.Rh1 Rf3 26.Rxh5 Nxb2 27.Bxb2 Bxc3 28.Rg5+ Kf7 29.Rxg4
Rd3 30.Bxc3 Rxc3 31.e5 Rd3 32.e6+ Kf6 33.Rf4+ Kg6 34.Re5 Rd8 35.Rff5 Rd2
36.Rg5+ Kh6 37.Rh5+ Kg6 38.Kf1 Rxa2 39.f4 Ra1+ 40.Kg2 Ra2+ 41.Kh3 Kf6 42.Ref5+
Kg7 43.Rfg5+ {#r} 1-0